| 000 | 00602cab a2200217 4500 | ||
|---|---|---|---|
| 001 | ABS42524 | ||
| 008 | 090401t1990 xxu||||| |||| 00| 0 eng d | ||
| 035 | _a(Sirsi) u37441 | ||
| 041 | _aeng | ||
| 100 | _aWilliams, R. | ||
| 245 | _aHigh interest rates can teach a lesson | ||
| 260 | _c1990 | ||
| 350 | _a0 | ||
| 490 |
_aEstates Times _v(1041) 6 April 1990, 21(1) |
||
| 520 | _aArgument for more interest rate hedging packages for borrowers. | ||
| 650 | _aFINANCE | ||
| 650 | _aPROPERTY COMPANIES | ||
| 690 | _aPROPERTY-PROPERTY FINANCE AND INVESTMENT | ||
| 942 | _n0 | ||
| 948 | _c04/03/1997 | ||
| 999 |
_c24199 _d24199 |
||